Normal view MARC view

Entry Personal Name

Number of records used in: 1

001 - CONTROL NUMBER

  • control field: 677653

003 - CONTROL NUMBER IDENTIFIER

  • control field: OSt

005 - DATE AND TIME OF LATEST TRANSACTION

  • control field: 20221006164517.0

008 - FIXED-LENGTH DATA ELEMENTS

  • fixed length control field: 221006|| aca||aabn | a|a d

040 ## - CATALOGING SOURCE

  • Original cataloging agency: OSt
  • Transcribing agency: OSt

100 ## - HEADING--PERSONAL NAME

  • Personal name: Khanna Santosh Au

670 ## - SOURCE DATA FOUND

  • Source citation: Work cat.: (OSt)1117501: Khanna Santosh Au., Todi Raag ka Parivartit Swaroop Evam Todi Ang ke Antargat Aane Wale Raago Ka Saidhhantik Aur Vyavharik Aadhyayan, 1993
Copyright @ Delhi University Library System